000 00672nam a2200289Ia 4500
005 20260324124854.0
008 008 260324s9999 xx 000 0 eng d
020 _a9780203854846
037 _aEBOOK
040 _aCRL
040 _beng
040 _cCRL
041 _2eng
041 _aeng
084 _qCRL
100 _aMichael Schillmeier
_91162027
245 0 _aRethinking Disability
245 0 _bBodies, Senses, and Things
260 _bTaylor and Francis
260 _c2010
365 _a
365 _b240
856 _uhttp://www.taylorfrancis.com/books/9780203854846
942 _cEBOOK
999 _c1770594
_d1770594